00378cam a22001097a 4500008004000000082002600040100002500066245005100091260004800142300001100190440006700201180718b1978 xxu||||| |||| 00| 0 eng d aA81x54 In2/71/28/PT2C aCensus of India 1971 aGoa, Daman and Diu: social and cultural tables aDelhibThe Controller of Publicationsc1978 a210+p. aCensus of India 1971. Series-28, Goa, Daman and Diu. Part II-C